Perspectivas del progreso: algunas consideraciones sobre las tendencias actuales en las ciencias sociales

Salvato in:
Dettagli Bibliografici
Autore principale: Puhle, Hans-Jürgen (Autore)
Natura: Libro
Lingua:spagnolo
Pubblicazione: Hannover Friedrich Ebert-Stiftung 1969
Serie:Estudios del Instituto Latinoamericano de Investigaciones Sociales
Soggetti:
Tags: Aggiungi Tag
Nessun Tag, puoi essere il primo ad aggiungerne!!

MARC

LEADER 00000nam a2200000 a 4500
001 UCT6277
003 CL-VaPUC
008 970106e19690000GW |||||||||||||||||spa|d
082 0 4 |a 300  |b PUH  |2 21 
100 0 |a Puhle, Hans-Jürgen  |e author  |9 376253 
245 1 0 |a Perspectivas del progreso: algunas consideraciones sobre las tendencias actuales en las ciencias sociales 
300 |a 120 p 
942 |c BK 
945 |d 19970106 00:00:00  |a paguirre 
260 |a Hannover  |b Friedrich Ebert-Stiftung  |c 1969 
650 0 |a Ciencias sociales   |9 256351 
650 0 |a Ciencias Políticas  |9 255201 
650 7 |a TEORIA POLITICA  |2 CL-VaPUC  |9 376254 
650 0 |a Partidos políticos  |9 254999 
650 7 |a SOCIOLOGIAS  |2 CL-VaPUC  |9 376255 
650 0 |a Poder político  |9 255509 
651 0 |a América Latina   |9 255027 
651 0 |a Estados Unidos  |9 255178 
583 |a last modification  |c 19970106 00:00:00  |k Rodrigo Vera 
490 0 |a Estudios del Instituto Latinoamericano de Investigaciones Sociales 
999 |c 254992  |d 254990 
952 |0 0  |1 0  |4 0  |6 300_000000000000000_PUH_1969  |7 0  |8 P  |9 277009  |a BIBDER  |b BIBDER  |d 2019-11-19  |i 1801317  |o 300 PUH 1969  |p 1801317  |r 2019-11-19  |w 2019-11-19  |y BK  |k DER